Grab bag of pigeons Quiz Stats

 Plays Quiz not verified by Sporcle

Challenge
Share
Tweet
Embed
Score 0/17 Timer 08:00
0 Plays Today
Hint % Correct
Pigeons share the bird family Columbidae with these usually smaller birdsDoves
72.7%
Having feet that point inwardPigeon Toed
68.9%
Pigeons are often derided in cities as flying theseRats
64.4%
Variety used in pigeon racingHoming Pigeon
48.5%
PigeonRankā„¢ was revealed as the secret behind this company's search engine on 4/1/2002Google
47.7%
Most well known extinct pigeonPassenger Pigeon
41.7%
The name for a baby pigeonSquab
41.7%
A decoy or an informer, especially one who is a spy for the policeStool Pigeon
36.4%
Main predator of PigeonsPeregrine Falcon
33.3%
Hint % Correct
Sesame Street pigeon fancierBert
22.7%
Mathematical principle that is basically a counting argument with setsPigeonhole Principle
16.7%
Captain who shot his General's pigeon 'Speckled Jim'Blackadder
13.6%
Another name for a pigeon's houseDovecote
11.4%
The pigeon ___ is an edible plant of the family FabaceaePea
10.6%
A pigeon is an easy mark for this type of gameConfidence Game
8.3%
Pigeon: _____. Animated short by Lucas MartellImpossible
6.1%
Pigeon Presents! is a series of by this IllustratorMo Willems
3%

You're not logged in!

Compare scores with friends on all Sporcle quizzes.
OR
Log In

You Might Also Like...

Show Comments

Extras

Curator's Pick Mar 6, 2013ReportNominate
Tags:Animal Quiz, Grab Bag Quiz, bird

Top Quizzes Today


Score Distribution

Your Account Isn't Verified!

In order to create a playlist on Sporcle, you need to verify the email address you used during registration. Go to your Sporcle Settings to finish the process.

Report this User

Report this user for behavior that violates our Community Guidelines.

Details: